00541nam a22001697a 450000500170000001000150001702000260003203500140005803700130007208200100008510000210009524501210011626000380023727000540027530000240032970000180035320170703140306.0 aENG-118610 a9789385288500c450.00 aEN-102142 bDBAD/PUB a910.4 aWillemsen, Roger aThe ends of the earth :cby Roger Willemsen ; transleted by Peter Lewisbthe non-fiction writing of Naguib Mahfouz/  aNew Delhi bSpeaking Tiger c2015 a4381/4,Ansari Road, Daryaganj,bNew Delhie110002 avii,490p.c23cm(Hb) a Lewis, Peter